| 000 | 00927cam a2200217 4500 | ||
|---|---|---|---|
| 001 | WB3919-01 | ||
| 008 | 030521n2003 000 0 eng u | ||
| 035 | _a(Sirsi) u122360 | ||
| 245 | _aAnti-looting Bill to bring in due diligence | ||
| 260 | _c2003 | ||
| 490 |
_aAntiques Trade Gazette _v(1590) 24 May 2003, 1&2(1) |
||
| 520 | _aArt and antique dealers will have the legal obligation to ascertain with due diligence whether it is legal to trade in certain items once the Dealing in Cultural Objects (Offences) Bill becomes law. A copy of the Bill can be found on he HMSO website at http://www.parliament.the-stationery-office.co.uk/pa/cm200203/cmbills/030/2003030.htm. | ||
| 590 | _aWB | ||
| 650 | _aDEALING IN CULTURAL OBJECTS (OFFENCES) BILL | ||
| 650 | _aART THEFT | ||
| 650 | _aSTOLEN WORKS OF ART | ||
| 650 | _aDUE DILIGENCE | ||
| 650 | _aANTIQUE DEALERS | ||
| 690 |
_aArts and antiques _96217 |
||
| 942 | _n0 | ||
| 999 |
_c72718 _d72718 |
||